000 00277nam a2200121 a 4500
008 101022s1971|||| d
245 1 0 _aJuan v Amerike
044 _axo
_cSK
041 _aslo
100 1 _aLinklater, Eric
020 _c25,50
260 _bPravda
_c1971
_aBratislava
999 _c12097
_d12097